Türkiye'de refah devleti ve kadın / (Record no. 15228)

MARC details
000 -BAŞLIK
Sabit Uzunlukta Kontrol Alanı 00846nam a22002417a 4500
999 ## - SİSTEM KONTROL NUMARALARI (KOHA)
Koha Biblionumber 15228
Koha Biblioitemnumber 15228
003 - KONTROL NUMARASI IDENTIFIER
Denetim Alanı MIRAKIL
005 - SON İŞLEM TARİHİ VE ZAMANI
Denetim Alanı 20230427163218.0
008 - SABİT-BOY VERİ ELEMANLARI - GENEL BİLGİLER
Sabit Uzunlukta Kontrol Alanı 230427b tu ||||| |||| 00| 0 tur d
020 ## - ULUSLARARASI STANDART KİTAP NUMARASI
Uluslararası Standart Kitap Numarası 9789750511172
040 ## - KATALOGLAMA KAYNAK
Orijinal Kataloglama Ajansı TR-AnCHP
Metne Dönüştürmek Ajansı TR-AnCHP
041 ## - DİL KODU
Metin / Ses Parça Veya Ayrı Başlığın Dil Kodu tur
082 ## - DEWEY ONLU SINIFLANDIRMA NUMARASI
Sınıflandırma Numarası 305.4
Ürün Numarası T96 2012
245 10 - BAŞLIK TABLOSU
Başlık Türkiye'de refah devleti ve kadın /
Sorumluluk Tablosu, Vb derleyen: Saniye Dedeoğlu, Adem Yavuz Elveren.
260 ## - YAYIN, DAĞITIM, VB
Yayın, Dağıtım, Vb Yeri İstanbul :
Yayıncı, Dağıtıcı, Vs Adı İletişim yayınları,
Yayın, Dağıtım, Vb Tarihi 2012.
300 ## - FİZİKSEL TANIM
Kapsam 364 s.:
Boyutlar 19 sm.
490 0# - SERİSİ TABLOSU
Seri Beyanı İletişim yayınları ;
-- Araştırma-incelem dizisi ;
Hacim / Ardışık Tanımı 1816.
-- 306.
504 ## - KAYNAKÇA VB NOT
Kaynakça Vb Notu Kaynakça bölüm sonlarındadır.
650 #0 - KONU KATMA GİRİŞ - TOPİKAL DÖNEM
9 (RLIN) 569
Topikal Süreli Veya Coğrafi Ad Giriş Elemanı Kadınlar
Genel Alt Bölümü Ekonomik şartlar
-- Türkiye
650 #0 - KONU KATMA GİRİŞ - TOPİKAL DÖNEM
9 (RLIN) 569
Topikal Süreli Veya Coğrafi Ad Giriş Elemanı Kadınlar
Genel Alt Bölümü Sosyal şartlar
-- Türkiye
700 ## - KATMA GİRİŞ - KİŞİSEL İSİM
9 (RLIN) 7404
Kişisel Ad Dedeoğlu, Saniye
Relator Terim der.
700 ## - KATMA GİRİŞ - KİŞİSEL İSİM
9 (RLIN) 7405
Kişisel Ad Elveren, Adem Yavuz
Relator Terim der.
942 ## - EKLENDİ GİRİŞ ELEMANLARI (KOHA)
Sınıflandırma Veya Raf Düzeni Kaynak Dewey Decimal Classification
Koha Öğesi Türü Books
Holdings
Kalıcı Konum Mevcut Konum Edinme Tarihi Toplam Check-Out'Lar Tam Çağrı Numarası Barkod Tarih Son Görülme İtibaren Geçerli Fiyatlar Koha Öğesi Türü
CHP Kütüphanesi CHP Kütüphanesi 04/27/2023   305.4 T96 2012 020821 04/27/2023 04/27/2023 Books